新譯人間詞話

資料類型: Book 圖書   書目號:36453

Leader xxxxxxxxxx
005 __ 20020821105600.0
008 __  chi
010 0_ |a957-14-3153-2|b平裝|d新臺幣220元
090 __ |a(nbi)b71965233
100 __ |a20020820d2002    m  y0chiy08      e.
101 0_ |achi.
102 __ |atw.
105 __ |ay   z   000yy.
200 1_ |a新譯人間詞話|e|f馬自毅注譯|g高桂惠校閱.
205 __ |a初版三刷.
210 __ |a臺北市|c三民|d2002.
215 0_ |a[73],270面|c|d21公分.
225 2_ |a古籍今注新譯叢書.|v
260 1_ |a2002.
300 __ |a附錄:1.自編<<人間詞話>>選;2.戲效季英作口號詩.
300 __ |a原著者為王國維.
300 __ |a部分內容國語注音.
410 _1 |12001 |a古籍今注新譯叢書.
517 10 |a人間詞話.
605 __ |2csh|a人間詞話|x註釋.
606 __ |2csh|a|x評論.
681 __ |a823.88|b8366.
700 __ |a|b|4
702 _1 |a|b桂惠|4校閱.
702 _1 |a|b自毅|4注譯.
801 _0 |atw|b暨大|c20020820|gCCR.
詳細館藏(共 1 筆)
索 書 號登 錄 號冊次號館別 / 館藏地流通類型狀態加入預約清單電子資源
823.88 / 8343 2015629  圖書館 / 保留區(請向館員洽借) 可外借30天 在館   

| 條列資料




目錄查詢 分類查詢 個人資料 圖書薦購 新書查詢 閉館日 排行榜 更多電子資源 Hami書城 線上資料庫 登出

From : 216.73.216.116

  本日流通累計至 20:47:50 借閱 : 0 次 續借 : 0 次 歸還 : 0 次 預約 : 0 次 電子資源 : 0 次


內湖高中圖書館  PCLIS 版本  25.5.0.2